Adultos mayores (Registro nro. 1157)

Detalles MARC
000 -LEADER
fixed length control field 01438 a2200229 4500
001 - CONTROL NUMBER
control field 24065
005 - DATE AND TIME OF LATEST TRANSACTION
control field 20260407155526.0
008 - FIXED-LENGTH DATA ELEMENTS--GENERAL INFORMATION
fixed length control field 260407a2013 arg spa d
003 - CONTROL NUMBER IDENTIFIER
control field AR-UNSa-BCEJYS
040 ## - CATALOGING SOURCE
Original cataloging agency AR-UNSa-BCEJYS
Language of cataloging spa
Transcribing agency AR-UNSa-BCEJYS
080 ## - UNIVERSAL DECIMAL CLASSIFICATION NUMBER
Universal Decimal Classification number 347.159
Common auxiliary subdivision Derecho de la Personas Mayores
020 ## - INTERNATIONAL STANDARD BOOK NUMBER
International Standard Book Number 978-987-03-2512-3
100 1# - MAIN ENTRY--PERSONAL NAME
Personal name Ciancia, Olga Edda
245 10 - TITLE STATEMENT
Title Adultos mayores
Name of part/section of a work ciudadanos y actores sociales
264 #1 - PRODUCTION, PUBLICATION, DISTRIBUTION, MANUFACTURE, AND COPYRIGHT NOTICE
Place of production, publication, distribution, manufacture Buenos Aires :
Name of producer, publisher, distributor, manufacturer Universidad de Buenos Aires. Facultad de Derecho. Departamento de Publicaciones
Date of production, publication, distribution, manufacture, or copyright notice 2013
300 ## - PHYSICAL DESCRIPTION
Extent xvi, 182 p.
Dimensions 24 cm.
505 ## - FORMATTED CONTENTS NOTE
Formatted contents note 1. Adultos mayores: ciudadanos y actores sociales - 2. Es menester crear un derecho de la ancianidad - 3. Los adultos mayores y la salud - 4. Otros pronunciamientos judiciales relacionados con adultos mayores - 5. Los malos tratos a las personas mayores - 6. Mediación como herramienta de protección de los derechos de los adultos mayores - 7. La felicidad a lo largo del ciclo vital - 8. Cuidar el físico y no el cerebro en un absurdo - 9. Los que llegan a "los ochenta" y más... - 10. Necesidad de ayuda - 11. La mirada social - 12. El derecho de las personas mayores: visión internacional
590 ## - LOCAL NOTE (RLIN)
Local note niveau_biblio:m niveau_hierar:0
700 1# - ADDED ENTRY--PERSONAL NAME
Personal name Vallet, Hilda Eleonora
856 41 - ELECTRONIC LOCATION AND ACCESS
Uniform Resource Identifier <a href="https://biblioeco.unsa.edu.ar/pmb/images/libros/Adultos Mayores Ciudadanos y actores sociales.jpg">https://biblioeco.unsa.edu.ar/pmb/images/libros/Adultos Mayores Ciudadanos y actores sociales.jpg</a>
Link text Imagen de portada
Electronic format type image/jpeg
942 ## - ADDED ENTRY ELEMENTS (KOHA)
Koha item type
Existencias
Withdrawn status Lost status Damaged status Not for loan Home library Current library Shelving location Date acquired Total checkouts Full call number Barcode Date last seen Price effective from Koha item type
        Biblioteca Prof. Eusebio Cleto del Rey Biblioteca Prof. Eusebio Cleto del Rey   07/04/2026   347.159 C566 L119591 07/04/2026 07/04/2026 Libro